| 000 | 00600nam a2200217Ia 4500 | ||
|---|---|---|---|
| 003 | GCL | ||
| 008 | 140319s9999 xx 000 0 ara d | ||
| 040 |
_aGCL / _cGCL |
||
| 082 | 0 | 4 |
_a243 _bس ا |
| 100 | 1 | _aسمير يحيى الجمال | |
| 245 | 1 | 0 |
_aالانسان ذلك المخلوق العجيب / _cسمير يحيى الجمال |
| 260 |
_a[S.N] : _bمكتبة مدبولى |
||
| 300 | _a197 ص | ||
| 490 | _a | ||
| 650 | 0 | 4 | _aالاسلام |
| 650 | 0 | 4 | _aالانسان |
| 650 | 0 | 4 | _aالله |
| 650 | 0 | 4 | _aالانثربولوجيا |
| 650 | 0 | 4 | _aالوجود |
| 942 |
_2ddc _cBK |
||
| 999 |
_c31692 _d31692 |
||